Daftar umum sebutan baku Bahasa Melayu

Bibliographic Details
Format: Book
Published: Kuala Lumpur : DBP , 1991
Subjects:

MARC

LEADER 00000cam a2200000 7i4500
001 0000002070
002 000002261
005 20000330.0
020 |a 9836218491 
090 0 0 |a 499.28   |b DAF 
245 0 0 |a Daftar umum sebutan baku Bahasa Melayu 
260 |a Kuala Lumpur :   |b DBP ,   |c 1991 
300 |a 708p. ;   |c 22cm. 
650 0 0 |a Malay language   |x Pronounciation 
650 0 0 |a Malay language   |x Terminology 
999 |a 028175   |b BUKU   |c RUJUKAN   |e PERPUSTAKAAN KOMUNITI PETALING JAYA